Bilecik Bilecik Bilecik Bilecik Bilecik

Sanat kavram ve terimleri sözlüğü : (Record no. 9275)

MARC details
000 -BAŞLIK
Sabit Uzunluktaki Kontrol Alanı 01049nam a22003137a 4500
001 - KONTROL NUMARASI
Control Dosyası 0009303
003 - KONTROL NUMARASI KİMLİĞİ
Kontrol Alanı KOHA_MİRAKIL
005 - EN SON İŞLEM TARİHİ ve ZAMANI
Kontrol Alanı 20260207001705.0
007 - FİZİKSEL TANIM SABİT ALAN - GENEL BİLGİ
Sabit uzunluklu kontrol alanı ta
008 - SABİT UZUNLUKTAKİ VERİ ÖGELERİ - GENEL BİLGİ
Sabit Alan 091120b2007 tu |||gr||||#||||0|tur |
020 ## - ISBN - ULUSLARARASI STANDART KİTAP NUMARASI
Isbn 975140343X
Kullanılabilirlik koşulları 11,7
040 ## - KATALOGLAMA KAYNAĞI
Özgün Kataloglama Kurumu TR-BiSEU
Kataloglama Dili tur
Çeviri Kurumu TR-BiSEU
Açıklama Kuralları rda
041 0# - DİL KODU
Metin ya da ses kaydının dil kodu tur
044 ## - YAYINLAYAN/ÜRETEN KURULUŞUN ÜLKE KODU
ISO country code tu
050 ## - SINIFLAMA ve YER NUMARASI
Sınıflama Numarası N33
Yer Numarası .S69 2007
100 1# - KİŞİ ADI
Yazar Adı (Kişi adı) Sözen, Metin.
245 1# - ESER ADI BİLDİRİMİ
Başlık Sanat kavram ve terimleri sözlüğü :
Alt Eseradı vb. resim-heykel-mimarlık, geleneksel Türk sanatları-uygulamalı sanatlar ve genel sanat kavramları/
Sorumluluk Bildirimi Metin Sözen ; Metin Sözen, Uğur Tanyeli.
250 ## - BASIM BİLDİRİMİ
Basım Bildirimi 9.basım
264 #1 - ÜRERİM, YAYIN, DAĞITIM ve TELİF BİLDİRİMİ
Yayın yeri İstanbul :
Yayınlayan Remzi Kitabevi
Yayın tarihi 2007
300 ## - FİZİKSEL TANIMLAMA
Sayfa, Cilt vb. 291 sayfa: resimli; 24 cm.
336 ## - İÇERİK TÜRÜ
Content type term metin
Content type code txt
Source rdacontent
337 ## - MEDYA TÜRÜ
Media type term aracısız
Media type code n
Source rdamedia
338 ## - TAŞIYICI TÜRÜ
Carrier type term cilt
Carrier type code nc
Source rdacarrier
490 1# - DİZİ BİLDİRİMİ
Dizi Bildirimi Büyük fikir kitapları dizisi ;
Cilt Numarası 71
500 ## - GENEL NOT
Genel Not Kaynakça ve dizin var.
650 #0 - KONU BAŞLIĞI EK GİRİŞ - KONU TERİMİ
Konusal terim veya coğrafi ad Art--Dictionaries--Turkish.
9 (RLIN) 23131
830 1# - SERİ EK GİRİŞİ - TEKBİÇİM ESER ADI
Tekbiçim Başlık Büyük fikir kitapları dizisi ;
Volume number/sequential designation 71
9 (RLIN) 4506
942 ## - EK GİRİŞ ÖGELERİ (KOHA)
Source of classification or shelving scheme Library of Congress Classification
Koha item type Book
Holdings
Materyal Türü Kalıcı Konum Mevcut Konum Raf Yeri Sınıflandırma Kaynağı Edinim Bilgisi Ana Konular Alt Konular Yer Numarası Demirbaş Numarası Fatura Tarihi Maliyet, Alış Fiyatı Maliyet, Yenileme Fiyatı Geri Çekilme Durumu Kayıp Durumu Hasarlı Durumu Kredi için değil Kayıt Tarih Toplam Ödünçverme Son Görülme Tarihi Son Kontrol Tarihi
Book Prof. Dr. Azmi Özcan Kütüphanesi Prof. Dr. Azmi Özcan Kütüphanesi Uluğbey Salonu Library of Congress Classification Satın GÜZEL SANATLAR Görsel Sanatlar N33 .S69 2007 0009303 20/11/2009 12.64 12.64         20/11/2009 2 05/12/2024 05/12/2024